Les grands fleuves - villes et pays traversés - Statistiques

Statistiques générales
  • Ce quiz a été pris 508 fois
  • Le résultat moyen est 21 sur 31
Statistiques - réponses
Villes ou pays traversés Fleuve % Correct
Khartoum,Le Caire Nil
96%
Suisse,Autriche,Allemagne,Pays Bas Rhin
95%
Pérou,Colombie,Brésil,Bolivie Amazone
93%
Vienne,Budapest,Bratislava, Belgrade Danube
93%
Blois,Tours,Angers,Nantes Loire
93%
Troyes,Paris,Rouen Seine
93%
Suisse,France Rhone
92%
Royaume Uni Tamise
87%
Espagne,France Garonne
83%
Kinshasa,Brazzaville Congo
82%
Inde Gange
81%
Turin,Milan Po
78%
Volgograd (ex Stalingrad) Volga
78%
Turquie,Irak Tigre
77%
Turquie,Syrie,Irak Euphrate
74%
Chine,Russie Amour
72%
Montréal Saint Laurent
72%
Rome Tibre
71%
Memphis, Baton Rouge Mississippi
68%
Guinée,Mali,Niger,Bénin,Nigeria Niger
68%
France,Belgique,Pays Bas Meuse
66%
Chine,Birmanie,Thaîlande,Laos Mekong
60%
Tolède,Lisbonne Tage
56%
Etats Unis,Mexique Colorado
53%
Israël,Jordanie,Liban,Syrie Jourdain
53%
République tchèque,Allemagne Elbe
48%
Varsovie,Gdansk Vistule
41%
Cordoue,Séville Guadalquivir
39%
Chine Yangzi Jiang
33%
Espagne,Portugal Douro
31%
Venezuela Orenoque
25%
Aucun quiz correspondant
Distribution des résultats
% des personnes avec chaque résultat
Percentile par nombre de réponses
Votre historique - résultats
Vous n’avez pas pris ce quiz